Countries by Capital City Skyline - Statistics

General Stats
  • This quiz has been taken 18 times
  • The average score is 8 of 16
Answer Stats
Picture Answer % Correct
United Arab Emirates
85%
Chile
77%
Iceland
77%
Portugal
77%
Saudi Arabia
77%
Indonesia
69%
Colombia
62%
Denmark
62%
Turkey
62%
South Korea
54%
Phillippines
38%
Germany
15%
Guatemala
15%
New Zealand
15%
Panama
15%
Senegal
15%
No matching quizzes found
Score Distribution
Percent of People with Each Score
Percentile by Number Answered
Your Score History
You have not taken this quiz